The physical chemistry of metallurgical processes / (Record no. 17238)
[ view plain ]
| 000 -LEADER | |
|---|---|
| fixed length control field | 01000cam a22003131 4500 |
| 001 - CONTROL NUMBER | |
| control field | 17238 |
| 003 - CONTROL NUMBER IDENTIFIER | |
| rucl marc code | BD-RjUL |
| 005 - DATE AND TIME OF LATEST TRANSACTION | |
| control field | 20211209000117.0 |
| 008 - FIXED-LENGTH DATA ELEMENTS--GENERAL INFORMATION | |
| fixed length control field | 191116s1962 enka b 001 0 eng |
| 035 ## - SYSTEM CONTROL NUMBER | |
| System control number | (BD-RjUL)17296 |
| System control number | (OCoLC)2338994 |
| 040 ## - CATALOGING SOURCE | |
| Original cataloging agency | DLC |
| Transcribing agency | AzTeS |
| Modifying agency | Uk |
| -- | DLC |
| Language of cataloging | eng |
| 041 ## - LANGUAGE CODE | |
| Language code of text/sound track or separate title | eng |
| 042 ## - AUTHENTICATION CODE | |
| Authentication code | premarc |
| 082 ## - DEWEY DECIMAL CLASSIFICATION NUMBER | |
| Edition number | 23 |
| Classification number | 669.9 |
| Author mark and year | BIP 1962 |
| 100 1# - MAIN ENTRY--PERSONAL NAME | |
| Personal name | Biswas, A. K. |
| Fuller form of name | (Anil Kumar), |
| Dates associated with a name | 1922- |
| 9 (RLIN) | 235047 |
| 245 14 - TITLE STATEMENT | |
| Title | The physical chemistry of metallurgical processes / |
| Statement of responsibility, etc. | [by] A.K. Biswas and G. Reginald Bashforth. |
| 260 ## - PUBLICATION, DISTRIBUTION, ETC. (IMPRINT) | |
| Place of publication, distribution, etc. | London : |
| Name of publisher, distributor, etc. | Chapman & Hall , |
| Date of publication, distribution, etc. | 1962. |
| 300 ## - PHYSICAL DESCRIPTION | |
| Pagination | xi, 336 p. : |
| Illustrations | diagrs., tables. ; |
| Size | 23 cm. |
| 504 ## - BIBLIOGRAPHY, ETC. NOTE | |
| Bibliography, etc | Includes bibliographical references. |
| 650 #0 - SUBJECT ADDED ENTRY--TOPICAL TERM | |
| Topical term or geographic name as entry element | Metals. |
| 9 (RLIN) | 235048 |
| Topical term or geographic name as entry element | Chemistry, Physical and theoretical. |
| 9 (RLIN) | 235049 |
| 700 1# - ADDED ENTRY--PERSONAL NAME | |
| Personal name | Bashforth, George Reginald, |
| 906 ## - LOCAL DATA ELEMENT F, LDF (RLIN) | |
| a | 7 |
| b | cbc |
| c | oclcrpl |
| d | u |
| e | ncip |
| f | 19 |
| g | y-gencatlg |
| 942 ## - ADDED ENTRY ELEMENTS (KOHA) | |
| Source of classification or shelving scheme | Dewey Decimal Classification |
| Koha item type | Books |
| Lost status | Source of classification or shelving scheme | Damaged status | Not for loan | Collection code | Permanent Location | Current Location | Shelving location | Date acquired | Total Checkouts | Full call number | Date last seen | Copy number | Koha item type |
|---|---|---|---|---|---|---|---|---|---|---|---|---|---|
| Dewey Decimal Classification | Not For Loan | Non-fiction | Central Library, University of Rajshahi | Central Library, University of Rajshahi | Reading Room | 18/11/2019 | 669.9 BIP 1962 | 18/11/2019 | C-1 | Books | |||
| Dewey Decimal Classification | Non-fiction | Central Library, University of Rajshahi | Central Library, University of Rajshahi | 18/11/2019 | 669.9 BIP 1962 | 18/11/2019 | C-2 | Books | |||||
| Dewey Decimal Classification | Non-fiction | Central Library, University of Rajshahi | Central Library, University of Rajshahi | 18/11/2019 | 669.9 BIP 1962 | 18/11/2019 | C-3 | Books |